000 02719nab a2200289 i 4500
003 BR-BrBNA
005 20240404144829.0
008 240404b2013 bl.qr|pooa||| 00| 0 eng |
040 _aBR-BrBNA
_beng
072 _aF60
100 _aCarvalho, M.G.
100 _aMelo, A.G.N.
100 _aAragão, C.F.S.
100 _aRaffin, F.N.
100 _aMoura, T.F.A.L.
245 _aSchinus terebinthifolius Raddi: chemical composition, biological properties and toxicity
500 _aPublicação on-line; Bibliography p. 167-169 (59 ref.); 1 table; Summaries (En, Pt)
520 _a RESUMO: Schinus terebinthifolius Raddi: Composição química, propriedades biológicas, e toxicidade. Schinus terebinthifolius Raddi é uma planta medicinal conhecida no Brasil como “aroeira da praia”, utilizada na medicina popular como antitérmica, analgésica, depurativa e no tratamento de doenças do sistema urogenital. Por outro lado, a literatura científica relata que essa planta apresenta atividade antimicrobiana, anti-inflamatória, e antiulcerogênica. Essa revisão trata das principais propriedades biológicas e efeitos toxicológicos da aroeira da praia, além de uma abordagem sistemática acerca dos compostos que já foram encontrados nessa espécie, estando a maioria deles presente nos óleos essenciais. Palavras Chave: Schinus terebinthifolius, Anacardiaceae, componentes químicos, propriedades biológicas.
520 _a ABSTRACT: Schinus terebinthifolius Raddi is a medicinal plant known in Brazil as “aroeira da praia”, which has been used in popular medicine as antipyretic, analgesic, depurative and in the treatment of diseases of the urogenital system. On the other hand, the scientific literature has reported that this plant has antimicrobial, anti-inflammatory and antiulcerogenic activity. This review addresses the main biological properties and toxicological effects of “aroeira da praia”, in addition to a systematic approach of the compounds that were already found in this species, the great majority of which is present in the essential oils. Key words: Schinus terebinthifolius, Anacardiaceae, chemical compounds, biological properties
650 _aSCHINUS TEREBINTHIFOLIUS
650 _aANACARDIACEAE
650 _aCOMPOSIÇÃO QUÍMICA
773 0 _03543
_9314057
_dBotucatu-SP Instituto de Biociências - Departamento de Química e Bioquímica 1998
_o2024-0323
_tRevista Brasileira de Plantas Medicinais (Brazil)
_x1516-0572
_gv. 15(1) p. 158-169; (2013)
_wBR2024000434
856 _uhttps://www.scielo.br/j/rbpm/a/bNdsZSp6jMDqM6qVXxCHGgL/?format=pdf&lang=en
942 _cAnalítica
999 _c299071
_d299071